000 00902cab a22001935a 4500
001 L148190
008 090818e20090717xxkbdo f 000 0 eng d
035 _a(Sirsi) u148190
041 0 _aeng
100 1 _aEade, Christine
245 0 0 _aRegional report
_bHampshire, Dorset and Wiltshire
260 _c2009
490 0 _aProperty Week
_v75 (29) 18 July 2009, 60-66 (5)
520 _aReviews local developments and news. Reports that Pruprim developed five buildings within Solent Business Park in Southampton and is trying to let space. Reveals that Weymouth coast could be improved with a ferry terminal if Europa Capital finds a new partner. Explains that Towbridge leisure development needs a new developer as the current one went into administration.
590 _aKA
651 4 _aSouth West (England)
_y1994-
690 _aPROPERTY-COMMERCIAL PROPERTY-COMMERCIAL PROPERTY MARKET
942 _n0
999 _c81743
_d81743